David Harbour Filmography - Statistics

General Stats
  • This quiz has been taken 68 times
    20 since last reset
  • The average score is 43 of 104
Answer Stats
Type Year Name % Correct
Film 2021 Black Widow
100%
Theater 2000 Stranger
89%
Web Series 2016-2025 Stranger Things
89%
Film 2025 Thunderbolts*
89%
Film 2011 W./E.
89%
Film 2026 Avengers: Doomsday
78%
Film 2019 Hellboy
78%
Film 2022 Violent Night
78%
Film 2014 The Equalizer
67%
Documentary Series 2022 Animal
56%
Film 2005 Brokeback Mountain
56%
Film 2012 End of Watch
56%
Film 2026 GOAT
56%
Film 2023 Gran Turismo
56%
Film 2024 Night of the Zoopocalypse
56%
Film 2008 Revolutionary Road
56%
Film 2016 Suicide Squad
56%
Film 2023 We Have a Ghost
56%
Theater 2003 A Bad Friend
44%
Video Game 2024 Alone in the Dark
44%
Film 2014 A Walk Among the Tombstones
44%
Film 2025 A Working Man
44%
TV Show 2015, 2016 Banshee
44%
Theater 2004 Between Us
44%
Film 2012 Between Us
44%
TV Show 2021 Big City Greens
44%
Film 2015 Black Mass
44%
Web Series 2012 Blue
44%
Theater 2016 Cal in Camo
44%
Film 2005 Confess
44%
Web Series 2024-Present Creature Commandos
44%
TV Mini-Series 2016 Crisis in Six Scenes
44%
TV Show 2018 Drunk History
44%
Short Film 2019 El Hormiguero: Vacaciones en el Titanic
44%
Film 2010 Every Day
44%
Film 2020 Extraction
44%
Theater 2003 Fifth of July
44%
Film 2019 Frankenstein's Monster's Monster, Frankenstein
44%
TV Show 2003 Hack
44%
Theater 2008 Hamlet
44%
Film 2004 Kinsey
44%
Film 2012 Knife Fight
44%
TV Show 1999, 2008 Law & Order
44%
TV Show 2004, 2009 Law & Order: Criminal Intent
44%
TV Show 2002 Law & Order: Special Victims Unit
44%
TV Show 2009 Lie to me*
44%
Theater 2022 Mad House
44%
TV Show 2014 MANH(A)TTAN
44%
Web Mini-Series 2025 Marvel Zombies
44%
TV Film 2012 Midnight Sun
44%
Film 2021 No Sudden Move
44%
TV Show 2011-2012 Pan Am
44%
Film 2013 Parkland
44%
Web Series 2021 Q-Force
44%
Film 2008 Quantum of Solace
44%
TV Show 2014 Rake
44%
TV Show 2009 Royal Pains
44%
TV Show 2019 Saturday Night Live
44%
Film 2017 Sleepless
44%
Film 2013 Snitch
44%
Web Series 2021 Star Wars: Visions
44%
TV Show 2014-2015 State of Affairs
44%
Film 2009 State of Play
44%
Theater 2006-2007 The Coast of Utopia: Part 1 - Voyage
44%
Theater 2006-2007 The Coast of Utopia: Part 2 - Shipwrecked
44%
Theater 2007 The Coast of Utopia: Part 3 - Salvage
44%
Film 2011 The Green Hornet
44%
Theater 2001 The Invention of Love
44%
Theater 2010-2011 The Merchant of Venice
44%
TV Show 2012-2014 The Newsroom
44%
TV Show 2020 The Simpsons
44%
Theater 2003 The Two Noble Kinsmen
44%
TV Show 2007 The Unit
44%
Film 2006 The Wedding Weekend
44%
Theater 2009 Time Stands Still
44%
Theater 2002 Twelfth Night
44%
Film 2026 Violent Night 2
44%
Film 2005 War of the Worlds
44%
Web Series 2024 What If...?
44%
Theater 2005-2006 Who's Afraid of Virginia Woolf?
44%
Film 2014 X/Y
44%
TV Show 2018 Animals.
33%
Web Mini-Series TBA DTF St. Louis
33%
TV Show 2013 Elementary
33%
Theater 2012-2013 Glengarry Glen Ross
33%
Podcast 2022 Past My Bedtime
33%
Film TBA The Trashers
33%
Theater 1995 Much Ado About Nothing
11%
TV Show TBA My Dentist's Murder Trial
11%
Theater 1999-2000 The Rainmaker
11%
Theater 2005 Absolute Hell
0%
TV Show 2019 After Hours with Josh Horowitz
0%
Podcast 2021 Aftershock
0%
Theater 2010 Ashes, Ashes
0%
TV Show 2001 As the World Turns
0%
TV Show 2025 Jeopardy! Masters
0%
Film 2025 Levon's Trade
0%
Web Series 2019 Mad About You
0%
Short Film 2007 Midnight Son
0%
TV Show 2006 The Book of Daniel
0%
Theater 2000 The Time of the Cuckoo
0%
Commercial 2018 Tide
0%
TV Film 2011 Tilda
0%
Theater 2023 True West
0%
No matching quizzes found
Score Distribution
Percent of People with Each Score
Percentile by Number Answered
Your Score History
You have not taken this quiz since the last reset